IV Congreso Asociación Chilena de Control Automático

Bewaard in:
Bibliografische gegevens
Coauteur: Universidad Técnica del Estado (Auteur)
Formaat: Boek
Taal:Spaans
Portugees
Engels
Gepubliceerd in: Santiago Universidad Técnica del Estado 1980
Onderwerpen:
Tags: Voeg label toe
Geen labels, Wees de eerste die dit record labelt!

MARC

LEADER 00000nam a2200000 a 4500
001 UCU9269
003 CL-VaPUC
005 20250107101920.0
008 960814e19800000cl 1 spa d
041 0 7 |a spa  |2 CL-VaPUC 
041 0 7 |a por  |2 CL-VaPUC 
041 0 7 |a eng  |2 CL-VaPUC 
082 0 4 |a 629.8  |b UNI  |2 21 
110 2 |a Universidad Técnica del Estado  |e author  |9 617966 
245 1 0 |a IV Congreso Asociación Chilena de Control Automático 
260 |a Santiago  |b Universidad Técnica del Estado  |c 1980 
300 |a 630 p 
583 |a last modification  |c 19960814 00:00:00  |k Rodrigo Vera 
650 0 0 |a Control automático  |9 259890 
650 0 0 |a Automatización   |9 299909 
650 0 0 |a Producción   |9 263680 
650 0 0 |a Producción  |x Planificación  |9 260672 
650 0 0 |a Aplicaciones de computadores  |9 260401 
942 |c BK 
945 |a paguirre  |d 19960814 00:00:00 
546 |a En Español 
546 |a En Portugués 
546 |a En Inglés 
518 |p Congreso Asociación Chilena de Control Automático, 4, Santiago, 4 al 9 de Agosto de 1980 
999 |c 382725  |d 382723 
952 |0 0  |1 0  |4 0  |6 629_800000000000000_UNI_1980  |7 0  |8 A  |9 504572  |a BIBING  |b BIBING  |d 2020-01-23  |i 1724940  |l 1  |o 629.8 UNI 1980  |p 1724940  |r 2025-01-20  |s 2024-07-11  |w 2020-01-23  |y BK  |k EIE